The Future Great Planet Earth: (Record no. 11064)

MARC details
000 -LEADER
fixed length control field 00467nam a22001697a 4500
003 - CONTROL NUMBER IDENTIFIER
control field OSt
005 - DATE AND TIME OF LATEST TRANSACTION
control field 20221119124849.0
008 - FIXED-LENGTH DATA ELEMENTS--GENERAL INFORMATION
fixed length control field 221119b |||||||| |||| 00| 0 eng d
040 ## - CATALOGING SOURCE
Transcribing agency DLC
050 ## - LIBRARY OF CONGRESS CALL NUMBER
Item number R563F
082 ## - DEWEY DECIMAL CLASSIFICATION NUMBER
Item number R563F
100 ## - MAIN ENTRY--PERSONAL NAME
Personal name Rietkerk, wim
245 ## - TITLE STATEMENT
Title The Future Great Planet Earth:
Remainder of title good news about the future of this earth according to the Bible/
Statement of responsibility, etc. by Wim Rietkerk.
260 ## - PUBLICATION, DISTRIBUTION, ETC.
Place of publication, distribution, etc. India:
Name of publisher, distributor, etc. Good Books,
Date of publication, distribution, etc. 1989.
300 ## - PHYSICAL DESCRIPTION
Extent 69p.
942 ## - ADDED ENTRY ELEMENTS (KOHA)
Source of classification or shelving scheme Dewey Decimal Classification
Koha item type Books
Holdings
Withdrawn status Lost status Source of classification or shelving scheme Damaged status Not for loan Home library Current library Date acquired Full call number Barcode Date last seen Price effective from Koha item type
    Dewey Decimal Classification     Harvest Mission College Harvest Mission College 30.11.2022 236 R563F 012944 30.11.2022 30.11.2022 Books

OPAC Designed and Maintained by HMC Library Team.
Copyright © HMC Library,Greater Noida, UP.
For any Suggestions/Query Contact library via Email:libhmc@gmail.com